| 000 | 00677nam a2200169 4500 | ||
|---|---|---|---|
| 999 |
_c7441 _d7441 |
||
| 008 | 170913b xxu||||| |||| 00| 0 eng d | ||
| 022 | _a00014826 | ||
| 082 | _aDPer 657.05 Ac27 May 2016 v. 91, n. 3 | ||
| 100 |
_922553 _aLi, Xi. |
||
| 245 |
_aMandatory financial reporting and voluntary disclosure: _bthe effect of mandatory IFRS adoption on management forecasts/ _cXi Li and Holly I. Yang. |
||
| 260 |
_aSarasota, Florida: _bAmerican, Accounting Association, _c ©2016. |
||
| 300 |
_av91 n3, pages 933-953: _billustrations; _c28 cm. |
||
| 500 | _aThe accounting review. | ||
| 650 | 0 |
_922555 _aManagement |
|
| 700 |
_922554 _aYang, Holly I. _eAuthor. |
||
| 942 |
_2ddc _cPER |
||